| 000 | 00606nam a2200169 a 4500 | ||
|---|---|---|---|
| 001 | 000036548 | ||
| 005 | 20200930075807.0 | ||
| 008 | 120120s1994 azua 000 0 spa d | ||
| 020 | _a0962479888 | ||
| 040 |
_aDO-SdBNP _bspa _cBNPHU |
||
| 082 |
_axxx _bL223m |
||
| 100 | 1 |
_aLambesis, Barbara _962801 |
|
| 245 | 1 | 0 |
_aMaking more money retailing : _blow-cost ideas for successful merchandising and boosting profits from your retail store / _cBarbara Lambesis, Susan Ratliff. |
| 260 |
_aPhoenix, Arizona : _bMarketing Methods Press, _c1994. |
||
| 300 |
_av, 137 p. ; : _b23 cm. |
||
| 700 | 1 |
_aRatliff, Susan _962802 |
|
| 999 |
_c36039 _d36039 |
||